00504nam a22001217a 4500008004100000040005500041080001700096245016100113260005300274300001400327650001900341653002200360230420b |||||||| |||| 00| 0 eng d aNational Science LibrarycNational Science Library a5/6(063)bK2 aProceedings of conference on science and industry the problem of communication c/Her Majesty's Stationery Office, 18-19 April 1961, Brangwyn Hall Swansea  aLondon: bHer Majesty's Stationery Office,c1962 av, 112p.  aCommunication  aScience industry